| 000 | 01144nas a2200289Ia 4500 | ||
|---|---|---|---|
| 001 | R455/G2888 | ||
| 003 | IT-RoPAU | ||
| 008 | 151124c99999999xx |||||||||||| ||und|| | ||
| 040 | _aIT-RoPAU | ||
| 040 | _cIT-RoPAU | ||
| 041 | _aITALIANO | ||
| 100 |
_aAA.VV. _gCodice Aut. SPICS: 12000 |
||
| 210 | _aJESUS | ||
| 222 | _aJesus | ||
| 245 |
_aJESUS, ANNO 22-N.02 (FEBBRAIO 2000) _bDossier: Il Concilio E' Ancora Davanti A Noi |
||
| 250 | _a1a ed. | ||
| 260 |
_aALBA (CN) _bPERIODICI SAN PAOLO _c2000 |
||
| 501 |
_bPaulus - SPICS - Società San Paolo EM (non-commercial uses only) _cCopyright2015 |
||
| 300 | _a13 p. [49-61] | ||
| 362 | _aANNO 022, N.02 (FEBBRAIO 2000) | ||
| 500 | _aGiubileo e Vaticano Ii: Cosa Resta Oggi di Quella Grande Primavera? L'Evento Continua Come Speranza nel Futuro di Alberto Melloni; Collegialità: Chiesa, Problema Femminile, Pluralismo di Vittoria Prisciandaro, con Intervista a D. Dianich; Laici Secondo P. | ||
| 650 |
_aPASTORALE _vPUBBLICAZIONE PERIODICA |
||
| 700 | _aFerro' Giovanni | ||
| 700 | _aMarras Vincenzo | ||
| 700 | _gCodice Aut. SPICS: 54336Codice Aut. SPICS: 51323 | ||
| 942 | _cCR | ||
| 999 |
_c145309 _d145309 |
||